Statistics for High Peaks by State

Click here to take the quiz!

General Stats

  • This quiz has been taken 4 times
  • The average score is 12 of 50

Answer Stats

Elevation (ft)StateAnswer% Correct
20310AlaskaDenali
100%
6288New HampshireMount Washington
100%
14498CaliforniaMount Whitney
100%
13796HawaiiMauna Kea
75%
14433ColoradoMount Elbert
75%
11239OregonMount Hood
75%
6684North CarolinaMount Mitchell
75%
14411WashingtonMount Rainier
75%
12799MontanaGranite Peak
50%
3487MassachusettsMount Greylock
50%
4039KansasMount Sunflower
50%
7231South DakotaBlack Elk Peak
25%
4139KentuckyBlack Mountain
25%
12662IdahoBorah Peak
25%
13140NevadaBoundary Peak
25%
6643TennesseeClingmans Dome
25%
13804WyomingGannett Peak
25%
8749TexasGuadalupe Peak
25%
1803New JerseyHigh Point
25%
12633ArizonaHumphreys Peak
25%
5268MaineKatahdin
25%
13528UtahKings Peak
25%
5344New YorkMount Marcy
25%
13161New MexicoWheeler Peak
25%
3506North DakotaWhite Butte
25%
3360MarylandBackbone Mountain
0%
4973OklahomaBlack Mesa
0%
4784GeorgiaBrasstown Bald
0%
345FloridaBritton Hill
0%
1549OhioCampbell Hill
0%
1235IllinoisCharles Mound
0%
2405AlabamaCheaha Mountain
0%
535LouisianaDriskill Mountain
0%
2301MinnesotaEagle Mountain
0%
450DelawareEbright Azimuth
0%
1670IowaHawkeye Point
0%
1257IndianaHoosier Hill
0%
812Rhode IslandJerimoth Hill
0%
2753ArkansasMagazine Mountain
0%
1979MichiganMount Arvon
0%
3213PennsylvaniaMount Davis
0%
2382ConnecticutMount Frissell (South Slope)
0%
4393VermontMount Mansfield
0%
5729VirginiaMount Rogers
0%
5429NebraskaPanorama Point
0%
3554South CarolinaSassafras Mountain
0%
4861West VirginiaSpruce Knob
0%
1772MissouriTaum Sauk Mountain
0%
1951WisconsinTimms Hill
0%
806MississippiWoodall Mountain
0%

Score Distribution

Percentile by Number Answered

Percent of People with Each Score

Your Score History

You have not taken this quiz